Korózna odolnosť komplexnej kovovej zliatiny Al-Co
Guardado en:
| Autor principal: | |
|---|---|
| Otros Autores: | |
| Formato: | Manuscrito Libro |
| Lenguaje: | eslovaco |
| Publicado: |
2015
|
| Materias: | |
| Acceso en línea: | http://is.stuba.sk/zp/portal_zp.pl?podrobnosti=99602 |
| Etiquetas: |
Sin Etiquetas, Sea el primero en etiquetar este registro!
|
MARC
| LEADER | 00000ntm a22000003a 4500 | ||
|---|---|---|---|
| 001 | stuzp43123 | ||
| 003 | SK-STU | ||
| 005 | 20160719153033.1 | ||
| 007 | ta | ||
| 008 | 150427s2015----xo-----f-mn---000-0-slo-d | ||
| 040 | |a STU |b slo | ||
| 041 | 0 | |a slo | |
| 100 | 1 | |a Doktorová Koblišková, Marcela |u 061000 |4 aut |U MTF Materiálovotechnologická fakulta |T MTF Ústav materiálov |X 55385 |U M1000 |Y 81 |7 55385 | |
| 242 | 0 | 1 | |a Corrosion resistance of complex metallic alloys AlCo |y eng |
| 245 | 1 | 0 | |a Korózna odolnosť komplexnej kovovej zliatiny Al-Co |
| 260 | |c 2015 | ||
| 650 | 4 | |a komplexné kovové zliatiny |2 slo | |
| 650 | 4 | |a korózia |2 slo | |
| 650 | 4 | |a galvanické články |2 slo | |
| 650 | 4 | |a complex metallic alloys |2 eng | |
| 650 | 4 | |a corrosion |2 eng | |
| 650 | 4 | |a galvanics cells |2 eng | |
| 700 | 1 | |a Palcut, Marián, |d 1981- |4 ths |X 51626 |7 A000051626 | |
| 856 | 4 | |u http://is.stuba.sk/zp/portal_zp.pl?podrobnosti=99602 | |
| 996 | |c M* DP-12314 |l MMSKP |s P |a 0 |w stuzp43123_0001 | ||
| SQL | |a stuzp43123 |b DDP |c SLO |d Korózna odolnosť komplexnej kovovej zliatiny Al-Co |e 55385 |f Doktorová Koblišková, Marcela |g 061000 |h 51626 |i Palcut, Marián |j 20150608 |k 667 |l 06 |m http://is.stuba.sk/zp/portal_zp.pl?podrobnosti=99602 |n I-MI |o 5.2.26. materiály | ||